000 01799nam a2200241Ia 4500
005 20191211124654.0
008 180910s9999 xx 000 0 und d
040 _aLB-BrCRDP
100 1 _aمظاهري، الإسناد
245 1 0 _aتربية الطفل في الإسلام
260 _aبيروت
_bدار المحجة البيضاء
_c2007
300 _a266 pages
500 _aالنوع : كتاب
520 3 _aهذا الكتاب يحتوي على 25 محاضرة وفصول عديدة حين يطرح في كل جلسة مواضيع تربوية مهمة، ولأن مواضيع ومحتوى هذا الكتاب عن تربية الأبناء فلقد قرر المؤلف تسميته بتربية الطفل في رأي الإسلام ومن الموضوعات التي يتطرق إليها المؤلف في هذا المجال نذكر: دور الأب والأم في التأثير على الطفل، يجب الالتفات إلى البعدين عند الإنسان، محاربة النبي (صلى الله عليه وسلم ) للعادات الجاهلية، اجتنبوا لقمة الحرام، عن انعقاد النطفة، تأثير حليب الام، مراقبات فترة الحمل، المحبة لدى الطفل، تأديب الأولاد في الافعال، تربية الأولاد من الناحية العملية، قانون الوراثة، وظيفة الوالدين تجاه الطفل، تعليم وتعلم الأولاد في الإسلام.
650 4 _aChildren
650 4 _aEducation Islamique
650 4 _aEnfants
650 4 _aIslamic Education
650 4 _aالأطفال
650 4 _aالتربية الاسلامية
856 _zShamaa
_uhttp://search.shamaa.org/FullRecord?ID=27528
942 _cLAESDATA
_2ddc
999 _c21068
_d21068